| 000 | 00428nam a2200181Ia 4500 | ||
|---|---|---|---|
| 001 | 9651 | ||
| 005 | 20260306161734.0 | ||
| 008 | 260306t2014||||xx |||||||||||||| ||spa|| | ||
| 041 | _aESP | ||
| 082 |
_a387.5452 _bL26 |
||
| 100 |
_aLarrucea, Jaime Rodrigo de _eAUT |
||
| 245 | 0 | _aTransporte en contenedor | |
| 260 | _c2014 | ||
| 300 |
_a332 páginas : _c22 cm. |
||
| 650 | _aGEN | ||
| 654 | _aCHU | ||
| 942 |
_cLIB _dJUS _fJUS _2ddc _n |
||
| 999 |
_c9651 _d9651 |
||